000 00309nam a2200121Ia 4500
008 150731s2011 xx 000 0 und d
082 _a614.1
_bV 11 G
100 _aGUPT,HARICHANDR
245 _aVYAVHARAYURVED VIDHI AYURVED
260 _bCHAUKHAMBHA PUB. NEW DELHI
_c2011
300 _a582
942 _2ddc
_cBK
_02
999 _c7917
_d7917